| 000 | 00917nam a2200253Ia 4500 | ||
|---|---|---|---|
| 003 | OSt | ||
| 005 | 20221005113215.0 | ||
| 006 | a|||||r|||| 00| 0 | ||
| 007 | ta | ||
| 008 | 221004b |||||||| |||| 00| 0 pan d | ||
| 020 |
_a9789380145594 (hbk) _cINR 250.00 |
||
| 024 | _a33398 | ||
| 037 |
_b779, 27/02/2017, H.K. Prakashan _cTextual |
||
| 040 |
_aCRL _cCRL _bpan |
||
| 041 |
_2pan _apan |
||
| 082 | _aO153,2xN, Q3 | ||
| 100 | _aਘੁੰਮਣ, ਜਸਵੀਰ ਸਿੰਘ | ||
| 245 | 0 | _aਪੰਜਾਬੀ ਦੇ ਗਿਆਰਾਂ ਨਾਟਕਕਾਰ | |
| 260 |
_aਪਟਿਆਲਾ _b21 ਸੌ੍ਵਚੂਰੀ ਪਬਲਿFਰਜ ਭਾਰਤ _c2013 |
||
| 300 |
_a187ਪ੍ਰ0 _ccm. |
||
| 650 | _a ਪੰਜਾਬੀ ਨਾਟਕ | ||
| 942 |
_hO153,2xN, Q3 _cTEXL _2cc |
||
| 999 |
_c1027385 _d1027385 |
||